Gender Basics (Record no. 59251)
[ view plain ]
| 000 -LEADER | |
|---|---|
| fixed length control field | 00474nam a2200205Ia 4500 |
| 003 - CONTROL NUMBER IDENTIFIER | |
| control field | 0100 |
| 005 - DATE AND TIME OF LATEST TRANSACTION | |
| control field | 20190228114806.0 |
| 008 - FIXED-LENGTH DATA ELEMENTS--GENERAL INFORMATION | |
| fixed length control field | 130303s9999 xx 000 0 und d |
| 040 ## - CATALOGING SOURCE | |
| Transcribing agency | ARRUPELIB |
| 050 ## - LIBRARY OF CONGRESS CALL NUMBER | |
| Classification number | HQ1075.G462 1992 |
| 300 ## - PHYSICAL DESCRIPTION | |
| Dimensions | 22cm |
| 100 ## - MAIN ENTRY--PERSONAL NAME | |
| Personal name | Minas, Anne |
| 9 (RLIN) | 44890 |
| 245 ## - TITLE STATEMENT | |
| Title | Gender Basics |
| Remainder of title | feminist perspectives on women and men |
| Statement of responsibility, etc | Anne Minas |
| 260 ## - PUBLICATION, DISTRIBUTION, ETC. (IMPRINT) | |
| Place of publication, distribution, etc | California |
| Name of publisher, distributor, etc | Wadsworth |
| Date of publication, distribution, etc | 1992 |
| 300 ## - PHYSICAL DESCRIPTION | |
| Extent | xvi, 545p. ; |
| 650 ## - SUBJECT ADDED ENTRY--TOPICAL TERM | |
| Topical term following geographic name as entry element | Sex role |
| 9 (RLIN) | 44891 |
| 650 ## - SUBJECT ADDED ENTRY--TOPICAL TERM | |
| Topical term following geographic name as entry element | Feminist theory |
| 9 (RLIN) | 44892 |
| 942 ## - ADDED ENTRY ELEMENTS (KOHA) | |
| Source of classification or shelving scheme | Library of Congress Classification |
| Koha item type | Monograph ( Printed materials) |
| Withdrawn status | Lost status | Source of classification or shelving scheme | Damaged status | Not for loan | Collection code | Home library | Current library | Shelving location | Date acquired | Total Checkouts | Full call number | Barcode | Date last seen | Date checked out | Copy number | Price effective from | Koha item type |
|---|---|---|---|---|---|---|---|---|---|---|---|---|---|---|---|---|---|
| Library of Congress Classification | Main Collection | ARRUPE LIBRARY | ARRUPE LIBRARY | Main Collection | 05/03/2013 | 1 | HQ1075.G462 1992 | 46600003961 | 30/04/2018 | 10/02/2016 | 1 | 05/03/2013 | Monograph ( Printed materials) |